All Watford Premier League Players Ever - Statistics

General Stats
  • This quiz has been taken 26 times
  • The average score is 90 of 232
Answer Stats
% Correct
2016/17 Mali Abdoulaye Doucoure 20
84%
2017/18 Mali Abdoulaye Doucoure 37
84%
2018/19 Mali Abdoulaye Doucoure 35
84%
2019/20 Mali Abdoulaye Doucoure 37
84%
2006/07 England Ben Foster 29
79%
2018/19 England Ben Foster 38
79%
2019/20 England Ben Foster 38
79%
2021/22 England Ben Foster 26
79%
2015/16 Brazil Heurelho Gomes 38
79%
2016/17 Brazil Heurelho Gomes 38
79%
2017/18 Brazil Heurelho Gomes 24
79%
2019/20 Senegal Ismaila Sarr 28
79%
2021/22 Senegal Ismaila Sarr 22
79%
2006/07 Jamaica Adrian Mariappa 19
74%
2016/17 Jamaica Adrian Mariappa 7
74%
2017/18 Jamaica Adrian Mariappa 28
74%
2018/19 Jamaica Adrian Mariappa 26
74%
2019/20 Jamaica Adrian Mariappa 20
74%
2015/16 Northern Ireland Craig Cathcart 35
74%
2016/17 Northern Ireland Craig Cathcart 15
74%
2017/18 Northern Ireland Craig Cathcart 7
74%
2018/19 Northern Ireland Craig Cathcart 36
74%
2019/20 Northern Ireland Craig Cathcart 29
74%
2021/22 Northern Ireland Craig Cathcart 31
74%
2015/16 Greece Jose Holebas 11
74%
2016/17 Greece Jose Holebas 33
74%
2017/18 Greece Jose Holebas 28
74%
2018/19 Greece Jose Holebas 28
74%
2019/20 Greece Jose Holebas 14
74%
2021/22 Nigeria Emmanuel Dennis 33
68%
2017/18 Spain Gerard Deulofeu 7
68%
2018/19 Spain Gerard Deulofeu 30
68%
2019/20 Spain Gerard Deulofeu 28
68%
2019/20 Brazil Joao Pedro 3
68%
2021/22 Brazil Joao Pedro 28
68%
2021/22 Norway Joshua King 32
68%
2006/07 Jamaica Marlon King 13
68%
2017/18 Brazil Richarlison 38
68%
2017/18 England Will Hughes 15
68%
2018/19 England Will Hughes 32
68%
2019/20 England Will Hughes 30
68%
2016/17 Belgium Christian Kabasele 16
63%
2017/18 Belgium Christian Kabasele 28
63%
2018/19 Belgium Christian Kabasele 21
63%
2019/20 Belgium Christian Kabasele 27
63%
2021/22 Belgium Christian Kabasele 16
63%
2021/22 Colombia Cucho Hernandez 25
63%
2021/22 Austria Daniel Bachmann 12
63%
2021/22 France Moussa Sissoko 36
63%
2016/17 Argentina Roberto Pereyra 13
63%
2017/18 Argentina Roberto Pereyra 32
63%
2018/19 Argentina Roberto Pereyra 33
63%
2019/20 Argentina Roberto Pereyra 28
63%
2006/07 England Steve Kabba 11
63%
2016/17 England Tom Cleverley 17
63%
2017/18 England Tom Cleverley 23
63%
2018/19 England Tom Cleverley 13
63%
2019/20 England Tom Cleverley 18
63%
2021/22 England Tom Cleverley 28
63%
2015/16 England Troy Deeney 38
63%
2016/17 England Troy Deeney 37
63%
2017/18 England Troy Deeney 29
63%
2018/19 England Troy Deeney 32
63%
2019/20 England Troy Deeney 27
63%
2021/22 England Troy Deeney 2
63%
2018/19 Sweden Ken Sema 17
58%
2021/22 Sweden Ken Sema 18
58%
2017/18 Spain Kiko Femenia 23
58%
2018/19 Spain Kiko Femenia 29
58%
2019/20 Spain Kiko Femenia 28
58%
2021/22 Spain Kiko Femenia 27
58%
2015/16 Switzerland Valon Behrami 21
58%
2016/17 Switzerland Valon Behrami 27
58%
2021/22 Chile Francisco Sierralta 5
53%
2021/22 Morocco Imran Louza 20
53%
2021/22 Slovakia Juraj Kucka 26
53%
2015/16 Nigeria Odion Ighalo 37
53%
2016/17 Nigeria Odion Ighalo 18
53%
2015/16 Austria Sebastian Prodl 21
53%
2016/17 Austria Sebastian Prodl 33
53%
2017/18 Austria Sebastian Prodl 21
53%
2018/19 Austria Sebastian Prodl 1
53%
2019/20 Austria Sebastian Prodl 1
53%
2019/20 England Craig Dawson 29
47%
2016/17 Netherlands Daryl Janmaat 27
47%
2017/18 Netherlands Daryl Janmaat 23
47%
2018/19 Netherlands Daryl Janmaat 18
47%
2019/20 Netherlands Daryl Janmaat 8
47%
2015/16 France Etienne Capoue 33
47%
2016/17 France Etienne Capoue 37
47%
2017/18 France Etienne Capoue 23
47%
2018/19 France Etienne Capoue 33
47%
2019/20 France Etienne Capoue 30
47%
2021/22 Cote D'Ivoire Hassane Kamara 19
47%
2016/17 Nigeria Isaac Success 19
47%
2018/19 Nigeria Isaac Success 30
47%
2019/20 Nigeria Isaac Success 5
47%
2017/18 England Nathaniel Chalobah 6
47%
2018/19 England Nathaniel Chalobah 9
47%
2019/20 England Nathaniel Chalobah 22
47%
2018/19 Morocco Adam Masina 14
42%
2019/20 Morocco Adam Masina 26
42%
2021/22 Morocco Adam Masina 15
42%
2017/18 Jamaica Andre Gray 31
42%
2018/19 Jamaica Andre Gray 29
42%
2019/20 Jamaica Andre Gray 23
42%
2021/22 DR Congo Edo Kayembe 13
42%
1999/00 England Tommy Smith 22
42%
2006/07 England Tommy Smith 32
42%
2021/22 Nigeria William Troost-Ekong 17
42%
2019/20 England Danny Welbeck 18
37%
2019/20 Argentina Ignacio Pussetto 7
37%
2016/17 Czech Republic Matej Vydra 1
37%
2015/16 Morocco Nordin Amrabat 12
37%
2016/17 Morocco Nordin Amrabat 29
37%
2017/18 Morocco Nordin Amrabat 3
37%
2021/22 Turkey Ozan Tufan 7
37%
1999/00 Australia Richard Johnson 23
37%
2015/16 Switzerland Almen Abdi 32
32%
2006/07 United States Jay DeMerit 32
32%
2016/17 Colombia Juan Camilo Zuniga 21
32%
2017/18 Greece Orestis Karnezis 15
32%
2021/22 Nigeria Peter Etebo 9
32%
2017/18 Peru Andre Carrillo 28
26%
2019/20 Guadeloupe Dimitri Foulquier 3
26%
2018/19 Portugal Domingos Quina 8
26%
2019/20 Portugal Domingos Quina 4
26%
2006/07 Scotland Gareth Williams 3
26%
1999/00 England Gifton Noel-Williams 3
26%
2015/16 Ecuador Juan Carlos Paredes 17
26%
1999/00 Northern Ireland Mark Williams 22
26%
2016/17 Argentina Mauro Zarate 3
26%
2015/16 Uruguay Miguel Britos 24
26%
2016/17 Uruguay Miguel Britos 27
26%
2017/18 Uruguay Miguel Britos 12
26%
2018/19 Uruguay Miguel Britos 3
26%
2015/16 Mexico Miguel Layun 3
26%
1999/00 England Nick Wright 4
26%
2006/07 England Richard Lee 10
26%
2021/22 Nigeria Samuel Kalu 4
26%
2016/17 Italy Stefano Okaka 19
26%
2017/18 Italy Stefano Okaka 15
26%
2018/19 Italy Stefano Okaka 2
26%
1999/00 England Alec Chamberlain 27
21%
2006/07 England Alec Chamberlain 1
21%
2015/16 Cameroon Allan Nyom 32
21%
2021/22 England Ashley Fletcher 3
21%
2006/07 England Ashley Young 20
21%
2015/16 England Ben Watson 35
21%
2016/17 England Ben Watson 4
21%
2017/18 England Ben Watson 8
21%
2006/07 England Chris Powell 15
21%
2016/17 Romania Costel Pantilimon 2
21%
2021/22 England Danny Rose 8
21%
2015/16 Scotland Ikechi Anya 28
21%
2016/17 Scotland Ikechi Anya 1
21%
2021/22 England Jeremy Ngakia 16
21%
2015/16 Spain Jose Manuel Jurado 27
21%
2006/07 Jamaica Lloyd Doyley 21
21%
2018/19 Spain Marc Navarro 2
21%
2015/16 Spain Mario Suarez 15
21%
2017/18 Netherlands Marvin Zeegelaar 12
21%
2017/18 Mali Molla Wague 6
21%
2015/16 Netherlands Nathan Ake 24
21%
2021/22 Cameroon Nicolas Nkoulou 3
21%
2021/22 Brazil Samir 19
21%
1999/00 England Tommy Mooney 12
21%
2015/16 Colombia Victor Ibarbo 4
21%
2016/17 France Younes Kaboul 22
21%
2017/18 France Younes Kaboul 2
21%
2015/16 Algeria Adlene Guedioura 18
16%
2016/17 Algeria Adlene Guedioura 12
16%
2006/07 Sierra Leone Al Bangura 16
16%
2015/16 Italy Alessandro Diamanti 3
16%
1999/00 Scotland Allan Smart 14
16%
2016/17 England Brandon Mason 2
16%
1999/00 Scotland Charlie Miller 14
16%
2006/07 Jamaica Damien Francis 32
16%
2021/22 England Dan Gosling 4
16%
2006/07 Nigeria Danny Shittu 30
16%
2016/17 England Dion Pereira 2
16%
2017/18 Belgium Dodi Lukebakio 1
16%
2006/07 England Gavin Mahon 34
16%
2006/07 Algeria Hameur Bouazza 32
16%
1999/00 Iceland Heidar Helguson 16
16%
2016/17 England Jerome Sinclair 5
16%
2017/18 England Jerome Sinclair 4
16%
2006/07 England Jordan Stewart 31
16%
2016/17 England Michael Folivi 1
16%
1999/00 England Nigel Gibbs 17
16%
2015/16 Belgium Obbi Oulare 2
16%
1999/00 Wales Robert Page 36
16%
2015/16 Netherlands Steven Berghuis 9
16%
2006/07 Hungary Tamas Priskin 16
16%
2006/07 England Anthony McNamee 7
11%
2018/19 England Ben Wilmot 2
11%
2006/07 England Darius Henderson 35
11%
2015/16 Lithuania Giedrius Arlauskis 1
11%
2006/07 England James Chambers 12
11%
1999/00 Iceland Johann Gudmundsson 9
11%
2006/07 Jamaica Lee Williamson 5
11%
2006/07 Scotland Malky MacKay 14
11%
2016/17 Senegal M'Baye Niang 16
11%
1999/00 Jamaica Micah Hyde 34
11%
1999/00 England Neil Cox 21
11%
1999/00 Netherlands Nordin Wooter 20
11%
1999/00 England Paul Robinson 32
11%
1999/00 England Stephen Brooker 1
11%
2006/07 Jamaica Theo Robinson 1
11%
1999/00 France Xavier Gravelaine 7
11%
1999/00 Belgium Adrian Bakalli 2
5%
2006/07 Sierra Leone Albert Jarrett 1
5%
1999/00 France Alexandre Bonnot 12
5%
2016/17 England Andrew Eleftheriou 1
5%
2006/07 Guadeloupe Cedric Avinel 1
5%
1999/00 England Chris Day 11
5%
2006/07 England Clarke Carlisle 4
5%
1999/00 England Clint Easton 17
5%
1999/00 England Darren Ward 9
5%
1999/00 England David Perpetuini 13
5%
1999/00 England Des Lyttle 11
5%
1999/00 Ireland Dominic Foley 12
5%
2006/07 Brazil Douglas Rinaldi 7
5%
1999/00 England James Panayi 2
5%
2006/07 France Johan Cavalli 3
5%
2016/17 Brazil Kenedy 1
5%
2006/07 England Matthew Spring 6
5%
1999/00 DR Congo Michel Ngonge 23
5%
2006/07 Antigua & Barbuda Moses Ashikodi 2
5%
1999/00 Northern Ireland Peter Kennedy 18
5%
1999/00 England Steve Palmer 38
5%
2006/07 England Will Hoskins 9
5%
No matching quizzes found
Score Distribution
Percent of People with Each Score
Percentile by Number Answered
Your Score History
You have not taken this quiz